000 00502nam a22001697a 4500
005 20231114104346.0
008 231114b |||||||| |||| 00| 0 eng d
020 _a9780409123395
041 _aEnglish
082 _a344.5 ROB
100 _aRobinson, RM
_lEnglish
245 _aAccess to Information /
_cRM Robinson
260 _aDurban :
_bLexisNexis (Pty) Ltd,
_c2016
300 _bxi, 311 pages ;
_c24, 7 cm.
650 _aLegal practice
_bLaw
942 _cBK
_6ALISON_BN_VRIES
999 _c624
_d624